000 00900nam a2200301Ia 4500
001 10975
005 20240113235249.0
007 ta
008 050808s1985 a g b000 u eng u
040 _aCotton College,Assam
041 _aeng
082 _a327
_bP 182 In
100 _aPalmer, Norman D. .
245 0 _aInternational Relations: The World Community in Transition /
_cNorman D. Palmer, Howard C. Perkins.
_hTextual Documents
250 _a3rd ed. /
260 _aDelhi :
_bCBS Publishers & Distributors ,
_c1985.
300 _axxxv, 799p. :
_bill. ;
_c24cm .
504 _aIndex
653 _aPolitical Science-International relations
653 _aInternational relations
653 _aMS-Political Science
653 _aG-Political Science
700 _aPerkins, Howard C..
942 _2ddc
_cBK
999 _c10962
_d10962